1438 1940 1806 1949 1079 1874 1873 1655 1180 1575 1996 1287 1881 1001 1948 1534 1951 1229 1837 1376 1936 1665 1150 1608 1048 1778 1338 1830 1141 1506 1667 1474 1513 1372 1881 1265 1999 1625 1250 1480 1415 1342 1323 1972 1003 1553 1517 1287 1729 1379 1409 1426 1575 1557 1284 1123 1294 1452 1637 1081 1901 1311 1661 1447 1258 2000 1471 1074 1477 1872 1668 1460 1459 1580 1335 1737 1296 1654 1646 1346 1928 1570 1771 1445 1276 1009 1310 1908 1381 1867 1149 1954 1651 1403 1707 1199 1095 1033 1415 BCNSPRNW ULIB Ver.6.0+V

เปลี่ยนเป็นภาษาไทย

Change to English
 แสดงรายละเอียดบรรณานุกรม
  กลับหน้าหลัก

Brief Record : Get Marc (ISO 2709) : E-mail record : QR code < ปิดหน้าต่าง
LEADER : 00000nam 2200000uu 4500
001    13399125569
003     ULIB
008    170630s2558||||th 000 0 tha d
020    ^a9789740334187
060  4 ^aWB50^bส253ห
100 0  ^aสมนึก นิลบุหงา
245 10 ^aหมอในบ้าน :^bรู้จักโรค รู้จักยา รู้จักป้องกัน /^cสมนึก (เฉง) นิลบุหงา
250    ^aพิมพ์ครั้งที่ 1
260    ^aกรุงเทพฯ :^bสำนักพิมพ์แห่งจุฬาลงกรณ์มหาวิทยาลัย,^c2558
300    ^a378 หน้า :^bภาพประกอบ ;^c21 ซม
505 2  ^aยาที่ใช้บ่อย -- การช่วยชีวิตพื้นฐาน -- โรคเบาหวานความดันและไขมันในหลอดเลือด -- ระบบหัวใจและหลอดเลือด --ระบบประสาท -- ตาและโรคของตา -- หูและโรคของหู -- ระบบหายใจ --โรคภูมิแพ้-- โรคทางเดินอาหาร -- ระบบเลือด -- โรคต่อมไร้ท่อ --ระบบผิวหนัง -- โรคติดเชื้อ -- โรคของกระดูก กล้ามเนื้อ และข้อ --ระบบทางเดินปัสสาวะ -- ระบบสืบพันธุ์ของสตรี --ยาเสพติดที่พบบ่อยในประเทศไทยและบุหรี่
650  4 ^aโรค^xการป้องกันและควบคุม
650  4 ^aยา
945    ^p0^l0^i002485
945    ^p0^l0^i002486
945    ^p0^l0^i002487
945    ^p0^l0^i002488
945    ^p0^l0^i002489
999    ^aวรรณษา ชูชัยมงคล
รายการนี้ยังไม่มีแท็ก
คุณยังไม่ได้ล็อกอิน คุณสามารถมีกิจกรรมร่วมกับเว็บไซต์ได้ แต่ต้องล็อกอินก่อน ::
  ล็อกอิน

รายการสื่อสารสนเทศ

ลำดับที่ ประเภท เลขเรียก/บาร์โค้ด สถานที่ สถานะ
1. วิทยาศาสตร์การแพทย์ และสุขภาพ
วิทยาศาสตร์การแพทย์ และสุขภาพ
สถานะ=หนังสือเก่า
WB50 ส253ห ฉ.1 
  Barcode: 002485
ห้องสมุดวิทยาเขตสวรรค์ประชารักษ์
►ส่วนจัดเก็บหนังสือเก่า สปร
บนชั้น
  ขอยืม
2. วิทยาศาสตร์การแพทย์ และสุขภาพ
วิทยาศาสตร์การแพทย์ และสุขภาพ
สถานะ=หนังสือเก่า
WB50 ส253ห ฉ.2 
  Barcode: 002486
ห้องสมุดวิทยาเขตสวรรค์ประชารักษ์
►ส่วนจัดเก็บหนังสือเก่า สปร
บนชั้น
  ขอยืม
3. วิทยาศาสตร์การแพทย์ และสุขภาพ
วิทยาศาสตร์การแพทย์ และสุขภาพ
สถานะ=หนังสือเก่า
WB50 ส253ห ฉ.3 
  Barcode: 002487
ห้องสมุดวิทยาเขตสวรรค์ประชารักษ์
►ส่วนจัดเก็บหนังสือเก่า สปร
บนชั้น
  ขอยืม
4. วิทยาศาสตร์การแพทย์ และสุขภาพ
วิทยาศาสตร์การแพทย์ และสุขภาพ
สถานะ=หนังสือเก่า
WB50 ส253ห ฉ.4 
  Barcode: 002488
ห้องสมุดวิทยาเขตสวรรค์ประชารักษ์
►ส่วนจัดเก็บหนังสือเก่า สปร
บนชั้น
  ขอยืม
5. วิทยาศาสตร์การแพทย์ และสุขภาพ
วิทยาศาสตร์การแพทย์ และสุขภาพ
สถานะ=หนังสือเก่า
WB50 ส253ห ฉ.5 
  Barcode: 002489
ห้องสมุดวิทยาเขตสวรรค์ประชารักษ์
►ส่วนจัดเก็บหนังสือเก่า สปร
บนชั้น
  ขอยืม

รายการใกล้เคียง
    ผู้แต่ง [สมนึก นิลบุหงา]

    หัวเรื่อง [ยา]

BibComment


ยังไม่เคยถูกคอมเมนท์

คอมเมนท์ทรัพยากรรายการนี้
  คอมเมนท์: หมอในบ้าน รู้จั..


 Copyright 2026. Bcnsprnw @Library